|
ห้องสมุด วิทยาลัยพยาบาลบรมราชชนนี อุดรธานี |
|
แสดงรายละเอียดบรรณานุกรม |
|
|
Brief Record
: Get Marc (ISO 2709)
: E-mail record
: |
|
|
select id from stat_globaluid where statuid='20260418040708_379'mysqli: Table './ulib2015/stat_globaluid' is marked as crashed and last (automatic?) repair failed
DELETE FROM stat_globaluid WHERE id NOT IN ( SELECT id FROM ( SELECT id FROM stat_globaluid ORDER BY id DESC LIMIT 100 ) foo );mysqli: Table './ulib2015/stat_globaluid' is marked as crashed and last (automatic?) repair failed
insert into stat_globaluid set statuid='20260418040708_379', dt='1776460028', phpself='/ULIB/dublinfull.php', agent='Mozilla/5.0 AppleWebKit/537.36 (KHTML, like Gecko; compatible; ClaudeBot/1.0; +claudebot@anthropic.com)', yea='2026', mon='4', dat='18', ip='216.73.216.198'
| LEADER 00674nam 2200229 a 4500 | |||
| 001 12714 | |||
| 003 ULIBM | |||
| 008 121011s2529 th m a001 0 tha d | |||
| 050 4 ^aPE^bส875ว 2529 | |||
| 245 ^a ^a1111 | |||
| 250 ^aพิมพ์ครั้งที่ 1. | |||
| 300 ^a 64 หน้า. | |||
| 650 7 ^aภาษาอังกฤษ | |||
| 700 0 ^aวิชาการใช้ภาษาอังกฤษ 1 | |||
| 945 ^p0^l0^i4035 | |||
| 945 ^p0^l0^i4036 | |||
| 945 ^p0^l0^i4037 | |||
| 945 ^p0^l0^i4038 | |||
| 945 ^p0^l0^i4039 | |||
| 945 ^p0^l0^i4043 | |||
| 945 ^p0^l0^i4045 | |||
| 999 ^aลิขิตลักษณ์ | |||
| คุณยังไม่ได้ล็อกอิน คุณสามารถมีกิจกรรมร่วมกับเว็บไซต์ได้ แต่ต้องล็อกอินก่อน :: |
|
| สถานะ | |||||||||
| 1. | หนังสือภาษาไทย | PE ส875ว 2529 Barcode: 4035 | On Shelf | ||||||
| 2. | หนังสือภาษาไทย | PE ส875ว 2529 ฉ.2 Barcode: 4036 | On Shelf | ||||||
| 3. | หนังสือภาษาไทย | PE ส875ว 2529 ฉ.3 Barcode: 4037 | On Shelf | ||||||
| 4. | หนังสือภาษาไทย | PE ส875ว 2529 ฉ.4 Barcode: 4038 | On Shelf | ||||||
| 5. | หนังสือภาษาไทย | PE ส875ว 2529 ฉ.5 Barcode: 4039 | On Shelf | ||||||
| 6. | หนังสือภาษาไทย | PE ส875ว 2529 ฉ.6 Barcode: 4043 | On Shelf | ||||||
| 7. | หนังสือภาษาไทย | PE ส875ว 2529 ฉ.7 Barcode: 4045 | On Shelf | ||||||
| [แสดง 7/7 รายการ] | |||||||||
select * from index_db where titl like '%วิชาภาษาอังกฤษ 1/ สุวาณี ชาครียวัฒน์%' and mid<>'12714' order by rand() limit 3mysqli: Can't create/write to file '/var/tmp/#sql_59d_0.MAI' (Errcode: 2)
select * from index_db where subj like '%ภาษาอังกฤษ%' and mid<>'12714' order by rand() limit 3
BibComment |
| คอมเมนท์ทรัพยากรรายการนี้ |
|
|